Loading...
| Science - Other | 1 | 3 | 1 | 1 | 40 | 63 | 100.25 | 1 | 1 | 0.00 | 0.00 |
| Literature - European | 1 | 3 | 1 | 0 | 40 | 80 | 98.75 | 0 | 3 | 0.00 | 0.00 |
| Literature - World | 0 | 4 | 1 | 0 | 35 | 81 | 105.00 | 1 | 3 | 0.00 | 0.00 |
| Religion | 1 | 1 | 0 | 0 | 25 | 51 | 63.00 | 0 | 2 | 0.00 | 0.00 |
| Science - Biology | 0 | 2 | 0 | 1 | 20 | 118 | 119.50 | 0 | 0 | 0.00 | 0.00 |
| History - Other | 0 | 2 | 0 | 0 | 20 | 78 | 85.00 | 0 | 1 | 0.00 | 0.00 |
| Fine Arts - Other | 0 | 2 | 1 | 0 | 15 | 102 | 110.50 | 0 | 1 | 0.00 | 0.00 |
| Literature - American | 1 | 0 | 1 | 0 | 10 | 63 | 63.00 | 1 | 1 | 0.00 | 0.00 |
| Social Science | 0 | 1 | 0 | 1 | 10 | 127 | 127.00 | 0 | 0 | 0.00 | 0.00 |
| Fine Arts - Auditory | 0 | 0 | 0 | 0 | 0 | 0.00 | 0 | 0 | 0.00 | 0.00 | |
| Science - Physics | 0 | 0 | 2 | 0 | -10 | 0.00 | 0 | 0 | 0.00 | 0.00 | |
| Mythology | 1 | 0 | 5 | 0 | -10 | 60 | 60.00 | 0 | 1 | 0.00 | 0.00 |